000 01277nam a2200385 c 4500
999 _c89176
_d89176
003 BLK
005 20241105152202.0
008 180408b bul|||||r ||||||| ||bul||
010 _aKNG00093871000
020 _a978-954-92546-1-7
040 _aBLK
041 _aBUL
_cBUL
072 7 _2bullib
_aК
_xКраезнание
072 7 _2bullib
_aЯ
_xАвтографи
080 _aБългарска литература
_b821.163.2
_x-1
_z821.163.2-1
100 1 _aПеева, Иглика Стефанова
_d1956 -
_9107629
139 _aПеева, Иглика Стефанова
_bП 32
245 1 0 _aАпокриф на душата
_bПоезия
_cИглика Стефанова Пеева.
257 _aBGR
260 _bТри Консултинг
_c2009
_fСофия : Ифо Дизайн
300 _a24 с.
_c21 см
380 _aX
500 _aСъдържа и за авт.
653 _aстихотворения
659 _aК
659 _aЯ
852 _aЦб 246806
852 _aК 821.163.2/П 32 И
856 4 _qpdf
856 4 _qpdf
942 _cKNG
_n0
_s1
_01
944 _aCR
_c27.01.2010
_lВиолета Тройчева
_k30552
944 _aED
_c28.03.2018
_lф /
_kВиолета_Тройчева
999 _d89176